| 000 | 00323nam a2200097Ia 4500 | ||
|---|---|---|---|
| 008 | 220204s9999 xx 000 0 und d | ||
| 082 |
_aNR:339.13 _bRUB |
||
| 245 | 0 | _aProceedings of the workshop on rubber processing & marketing by the co-operatives 6-7 April 2004, Kochi | |
| 260 |
_aKottayam _bRubber Board _c2004 |
||
| 942 | _cBK | ||
| 999 |
_c44192 _d44192 |
||